Missing Word: 'Blue' Movies Quiz Stats

 Plays Quiz Updated Apr 26, 2017

Support Sporcle.
Go Orange.
Score 0/16 Timer 04:00
0 Plays Today
Movie Title Missing Word % Correct
Deep Blue ____Sea
92.2%
The Blues ____Brothers
92.1%
Mickey Blue ____Eyes
85.1%
____ in a Blue DressDevil
77.3%
The Blue ____Lagoon
76.2%
Lady ____ the BluesSings
73.9%
Blue ____Hawaii
55.8%
Mo' ____ BluesBetter
54.6%
Movie Title Missing Word % Correct
My Blue ____Heaven
45.3%
____ BluesVarsity
44.3%
Even ____ Get the BluesCowgirls
39.5%
Blue ____Valentine
35.6%
Three ____: BlueColors
33.6%
Blue ____Jasmine
32.9%
Blue in the ____Face
25.9%
Blue is the ____ ColorWarmest
24.6%

Today's Daily Dose

Word Ladder
New Dimensions!

Quick Pick
'Animal' Fish

Get the Picture
Bird or Food?

You're not logged in!

Compare scores with friends on all Sporcle quizzes.
OR
Log In
Forgot?

From the Vault

Vocabulary Blitz XXVII

by iglew

This is a quiz of few words.
Remove Ads.
Support Sporcle.
Get the best of Sporcle when you Go Orange. This ad-free experience offers more features, more stats, and more fun while also helping to support Sporcle. Thank you for becoming a member.

Show Comments

Extras

Top Quizzes Today


Score Distribution

Your Account Isn't Verified!

In order to create a playlist on Sporcle, you need to verify the email address you used during registration. Go to your Sporcle Settings to finish the process.

Report this User

Report this user for behavior that violates our Community Guidelines.

Details: